000 00885nam a2200205 4500
003 LK-CoMWRAF
005 20240119213825.0
008 231213b |||||||| |||| 00| 0 eng d
020 _a955905256X
040 _aLK-CoMWRAF
_dLK-CoMWRAF
_eLK-CoMWRAF
041 _asin
082 _a323.095
_bPUD
245 _aපුද්ගල හා දේපල ආරක්ෂාවට ඇති අයිතීන්
246 _apudgala ha depala arakshawata athi aitheen
260 _aකොළඹ :
_bඑක්සත් ජාතීන්ගේ ජනගහන අරමුදල,
650 _aපුද්ගල හා දේපල ආරක්ෂාවට ඇති අයිතීන්
700 _aවිජයතිලක. කමලිනී
_eed.
_yWijayathilake, Kamalini
700 _aවෙත්තසිංහ. සිබිල්
_eills.
_yWeththasinghe, Sybil
942 _cBK
999 _c4385
_d4385